000 00535nam a2200217Ia 4500
001 13958
003 GE_BSU
008 181216s||||||||xx |||||||||||||| ||und||
020 _a100007133030
040 _cGE_BSU
080 _a61
100 _aVale,Jason.
245 4 _aThe juice master's slim 4 life.
245 _bFreedom from the food trap.
260 _aLondon.
260 _bHarper thorsons.
260 _c2002
300 _a307p;24cm.
653 _aThe juice master's slim 4 life:Freedom from the food trap.
942 _cBK
999 _c47101
_d47101